000 01094cam a2200241 i 4500
020 _a0309030285 (pbk.) :
022 _a0309030285
082 0 0 _a625.76
_bMAI
_cDonation
110 2 _aWoodward-Clyde Consultants.
_943716
245 1 0 _aMaintenance levels-of-service guidelines /
_cR. Kulkarni ... [et al.] ; Woodward-Clyde Consultants.
260 _aWashington, D.C. :
_bTransportation Research Board, National Research Council,
_c[1980]
300 _a118 p. :
_bill. ;
_c28 cm.
490 1 _aReport - National Cooperative Highway Research Program ; 223
500 _a"Project 14-5 FY '78."
500 _a"Research sponsored by the American Association of State Highway and Transportation Officials in cooperation with the Federal Highway Administration."
526 _a0
_b0
_c0
_d625_760000000000000_MAI
650 0 _aMCE
_9379
650 0 _aRoads
_zUnited States
_xMaintenance and repair
_xManagement.
_921348
700 1 _aKulkarni, R.
_943717
710 1 _aUnited States.
_921185
710 2 _aAmerican Association of State Highway and Transportation Officials.
_919553
942 _2ddc
_cBK
999 _c547532
_d547532